[Event "Deutscher Mix-Teampokal U12 2025"]
[Site "Bad Homburg GER"]
[Date "2025.07.19"]
[Round "3"]
[White "Lörinci, Emma"]
[Black "Murrau, Adela"]
[Result "1-0"]
[Termination "normal"]
[Board "3.3"]
[WhiteElo "1087"]
[BlackElo "1009"]
[WhiteClock "00:51:00"]
[BlackClock "00:38:12"]
[WhiteTeam "SC Garching 1980"]
[BlackTeam "OSC Rheinhausen 04"]
[PlyCount "52"]
[WhiteFideId "34639764"]
[BlackFideId "533050716"]
[EventCountry "GER"]
[EventRounds "5"]
[EventType "team-swiss"]
[EventDate "2025.07.18"]

1. e4 {[%clk 00:55:09]} {[%emt 00:27:41]} e5 {[%clk 00:55:05]} {[%emt
00:00:05]} 2. Nf3 {[%clk 00:55:11]} {[%emt 00:00:03]} Nc6 {[%clk 00:55:03]}
{[%emt 00:00:08]} 3. Bc4 {[%clk 00:55:10]} {[%emt 00:00:06]} Bc5 {[%clk
00:55:01]} {[%emt 00:00:07]} 4. c3 {[%clk 00:55:10]} {[%emt 00:00:04]} Nf6
{[%clk 00:54:46]} {[%emt 00:00:19]} 5. d4 {[%clk 00:54:58]} {[%emt 00:00:18]}
exd4 {[%clk 00:54:29]} {[%emt 00:00:22]} 6. cxd4 {[%clk 00:54:53]} {[%emt
00:00:10]} Be7 {[%clk 00:54:28]} {[%emt 00:00:05]} 7. Nc3 {[%clk 00:54:43]}
{[%emt 00:00:17]} d6 {[%clk 00:54:10]} {[%emt 00:00:22]} 8. d5 {[%clk
00:54:33]} {[%emt 00:00:15]} Na5 {[%clk 00:53:18]} {[%emt 00:00:56]} 9. Qa4+
{[%clk 00:54:31]} {[%emt 00:00:08]} Bd7 {[%clk 00:52:43]} {[%emt 00:00:40]} 10.
Qxa5 {[%clk 00:54:29]} {[%emt 00:00:07]} c6 {[%clk 00:52:16]} {[%emt 00:00:32]}
11. Qxd8+ {[%clk 00:54:04]} {[%emt 00:00:30]} Rxd8 {[%clk 00:52:13]} {[%emt
00:00:09]} 12. dxc6 {[%clk 00:54:02]} {[%emt 00:00:07]} bxc6 {[%clk 00:52:09]}
{[%emt 00:00:08]} 13. e5 {[%clk 00:53:48]} {[%emt 00:00:19]} dxe5 {[%clk
00:51:54]} {[%emt 00:00:21]} 14. Nxe5 {[%clk 00:53:46]} {[%emt 00:00:07]} O-O
{[%clk 00:48:25]} {[%emt 00:03:34]} 15. O-O {[%clk 00:53:34]} {[%emt 00:00:17]}
Be6 {[%clk 00:48:19]} {[%emt 00:00:10]} 16. Bxe6 {[%clk 00:53:17]} {[%emt
00:00:22]} fxe6 {[%clk 00:48:17]} {[%emt 00:00:06]} 17. Nxc6 {[%clk 00:53:09]}
{[%emt 00:00:14]} Rd7 {[%clk 00:47:36]} {[%emt 00:00:45]} 18. Be3 {[%clk
00:52:44]} {[%emt 00:00:29]} a6 {[%clk 00:45:31]} {[%emt 00:02:10]} 19. Nxe7+
{[%clk 00:52:38]} {[%emt 00:00:13]} Kh8 {[%clk 00:43:35]} {[%emt 00:02:01]} 20.
Nc6 {[%clk 00:52:19]} {[%emt 00:00:23]} Rc7 {[%clk 00:43:21]} {[%emt 00:00:18]}
21. Ne5 {[%clk 00:52:03]} {[%emt 00:00:22]} h6 {[%clk 00:39:47]} {[%emt
00:03:41]} 22. Ng6+ {[%clk 00:51:45]} {[%emt 00:00:23]} Kg8 {[%clk 00:39:28]}
{[%emt 00:00:23]} 23. Nxf8 {[%clk 00:51:43]} {[%emt 00:00:08]} Kxf8 {[%clk
00:39:27]} {[%emt 00:00:06]} 24. Bb6 {[%clk 00:51:38]} {[%emt 00:00:09]} Rc6
{[%clk 00:38:52]} {[%emt 00:00:39]} 25. Bd4 {[%clk 00:51:15]} {[%emt 00:00:27]}
Nh7 {[%clk 00:38:38]} {[%emt 00:00:21]} 26. Rac1 {[%clk 00:51:00]} {[%emt
00:00:18]} Rd6 {[%clk 00:38:12]} {[%emt 00:00:34]} 1-0

[Event "Deutscher Mix-Teampokal U12 2025"]
[Site "Bad Homburg GER"]
[Date "2025.07.19"]
[Round "3"]
[White "Riazi, Dominik"]
[Black "Jöhnke, Thore"]
[Result "1-0"]
[Termination "normal"]
[Board "4.1"]
[WhiteElo "1671"]
[BlackElo "1159"]
[WhiteClock "00:44:36"]
[BlackClock "00:38:55"]
[WhiteTeam "SK Bad Homburg 1927"]
[BlackTeam "SchVgg Blankenese 1923"]
[PlyCount "55"]
[WhiteFideId "533002150"]
[BlackFideId "34699619"]
[EventCountry "GER"]
[EventRounds "5"]
[EventType "team-swiss"]
[EventDate "2025.07.18"]

1. e4 {[%clk 00:55:08]} {[%emt 00:00:02]} e5 {[%clk 00:55:04]} {[%emt
00:00:07]} 2. Nf3 {[%emt 00:00:13]} Nc6 {[%clk 00:54:53]} {[%emt 00:00:04]} 3.
d4 {[%clk 00:55:12]} {[%emt 00:00:05]} exd4 {[%clk 00:54:46]} {[%emt 00:00:11]}
4. Bc4 {[%clk 00:55:13]} {[%emt 00:00:04]} Bc5 {[%clk 00:54:15]} {[%emt
00:00:36]} 5. c3 {[%clk 00:55:13]} {[%emt 00:00:06]} dxc3 {[%clk 00:54:03]}
{[%emt 00:00:16]} 6. Bxf7+ {[%emt 00:00:10]} Kxf7 {[%clk 00:53:12]} {[%emt
00:00:53]} 7. Qd5+ {[%clk 00:55:14]} {[%emt 00:00:01]} Ke8 {[%clk 00:52:39]}
{[%emt 00:00:38]} 8. Qh5+ {[%clk 00:55:17]} {[%emt 00:00:02]} g6 {[%clk
00:52:12]} {[%emt 00:00:31]} 9. Qxc5 {[%clk 00:55:20]} {[%emt 00:00:02]} d6
{[%clk 00:50:48]} {[%emt 00:01:30]} 10. Qe3 {[%clk 00:55:11]} {[%emt 00:00:13]}
Be6 {[%clk 00:50:35]} {[%emt 00:00:18]} 11. Nxc3 {[%clk 00:54:59]} {[%emt
00:00:17]} Qe7 {[%clk 00:50:20]} {[%emt 00:00:20]} 12. O-O {[%clk 00:54:22]}
{[%emt 00:00:42]} Nf6 {[%clk 00:49:48]} {[%emt 00:00:37]} 13. e5 {[%clk
00:52:17]} {[%emt 00:02:08]} Nh5 {[%clk 00:49:15]} {[%emt 00:00:40]} 14. exd6
{[%clk 00:51:49]} {[%emt 00:00:34]} cxd6 {[%clk 00:48:47]} {[%emt 00:00:33]}
15. Re1 {[%clk 00:51:38]} {[%emt 00:00:15]} Ng7 {[%clk 00:46:00]} {[%emt
00:02:51]} 16. Ng5 {[%clk 00:50:59]} {[%emt 00:00:44]} Ne5 {[%clk 00:45:26]}
{[%emt 00:00:40]} 17. Nxe6 {[%clk 00:50:29]} {[%emt 00:00:36]} Nxe6 {[%clk
00:45:18]} {[%emt 00:00:12]} 18. Nd5 {[%clk 00:49:26]} {[%emt 00:01:07]} Qf7
{[%clk 00:44:30]} {[%emt 00:00:49]} 19. f4 {[%clk 00:49:18]} {[%emt 00:00:17]}
Nc6 {[%clk 00:43:32]} {[%emt 00:01:00]} 20. Qxe6+ {[%clk 00:49:02]} {[%emt
00:00:24]} Qxe6 {[%clk 00:43:01]} {[%emt 00:00:36]} 21. Rxe6+ {[%clk 00:48:02]}
{[%emt 00:01:06]} Kd7 {[%clk 00:42:41]} {[%emt 00:00:22]} 22. Rf6 {[%clk
00:47:31]} {[%emt 00:00:37]} Rhe8 {[%emt 00:00:41]} 23. Bd2 {[%clk 00:46:29]}
{[%emt 00:01:05]} Re2 {[%clk 00:41:31]} {[%emt 00:00:41]} 24. Re1 {[%clk
00:44:58]} {[%emt 00:01:38]} Rxd2 {[%clk 00:40:49]} {[%emt 00:00:47]} 25. Rf7+
{[%clk 00:44:55]} {[%emt 00:00:08]} Kc8 {[%clk 00:40:25]} {[%emt 00:00:29]} 26.
Re8+ {[%clk 00:44:44]} {[%emt 00:00:17]} Nd8 {[%clk 00:40:06]} {[%emt
00:00:11]} 27. Rc7+ {[%clk 00:44:36]} {[%emt 00:00:25]} Kb8 {[%clk 00:38:55]}
{[%emt 00:01:16]} 28. Rxd8# {[%emt 00:00:10]} 1-0

[Event "Deutscher Mix-Teampokal U12 2025"]
[Site "Bad Homburg GER"]
[Date "2025.07.19"]
[Round "3"]
[White "Du, Vivian"]
[Black "Kukhtichev, Maksim"]
[Result "1/2-1/2"]
[Termination "normal"]
[Board "4.2"]
[WhiteElo "1412"]
[BlackElo "1616"]
[WhiteClock "00:36:48"]
[BlackClock "00:40:01"]
[WhiteTeam "SchVgg Blankenese 1923"]
[BlackTeam "SK Bad Homburg 1927"]
[PlyCount "66"]
[WhiteFideId "533025924"]
[BlackFideId "34638881"]
[EventCountry "GER"]
[EventRounds "5"]
[EventType "team-swiss"]
[EventDate "2025.07.18"]

1. e4 {[%clk 00:55:08]} e5 {[%clk 00:55:03]} {[%emt 00:00:08]} 2. Nf3 {[%clk
00:55:06]} {[%emt 00:00:06]} Nc6 {[%clk 00:55:02]} {[%emt 00:00:06]} 3. Bc4
{[%clk 00:55:02]} {[%emt 00:00:09]} Bc5 {[%clk 00:54:56]} {[%emt 00:00:11]} 4.
d3 {[%clk 00:54:46]} {[%emt 00:00:21]} h6 {[%clk 00:54:50]} {[%emt 00:00:11]}
5. c3 {[%clk 00:53:19]} {[%emt 00:01:32]} Nf6 {[%clk 00:53:55]} {[%emt
00:01:00]} 6. Be3 {[%clk 00:52:48]} {[%emt 00:00:35]} Bb6 {[%clk 00:53:51]}
{[%emt 00:00:10]} 7. Nbd2 {[%clk 00:52:24]} {[%emt 00:00:29]} d6 {[%clk
00:53:18]} {[%emt 00:00:38]} 8. h3 {[%clk 00:51:07]} {[%emt 00:01:21]} O-O
{[%clk 00:53:05]} {[%emt 00:00:18]} 9. g4 {[%clk 00:49:14]} {[%emt 00:01:58]}
Nh7 {[%clk 00:52:52]} {[%emt 00:00:19]} 10. Rg1 {[%clk 00:47:59]} {[%emt
00:01:20]} Bxe3 {[%clk 00:52:44]} {[%emt 00:00:13]} 11. fxe3 {[%clk 00:47:56]}
{[%emt 00:00:08]} Be6 {[%clk 00:52:32]} {[%emt 00:00:17]} 12. h4 {[%clk
00:46:44]} {[%emt 00:01:17]} Bxc4 {[%clk 00:52:05]} {[%emt 00:00:32]} 13. Nxc4
{[%clk 00:46:42]} {[%emt 00:00:08]} d5 {[%clk 00:51:08]} {[%emt 00:01:02]} 14.
exd5 {[%clk 00:46:18]} {[%emt 00:00:28]} Qxd5 {[%clk 00:51:06]} {[%emt
00:00:07]} 15. e4 {[%clk 00:45:33]} {[%emt 00:00:50]} Qd8 {[%clk 00:50:57]}
{[%emt 00:00:14]} 16. g5 {[%clk 00:44:19]} {[%emt 00:01:20]} Kh8 {[%clk
00:48:48]} {[%emt 00:02:13]} 17. gxh6 {[%clk 00:43:46]} {[%emt 00:00:39]} gxh6
{[%clk 00:48:48]} {[%emt 00:00:05]} 18. Qd2 {[%clk 00:43:27]} {[%emt 00:00:24]}
Qf6 {[%clk 00:48:41]} {[%emt 00:00:12]} 19. Qe3 {[%clk 00:42:20]} {[%emt
00:01:11]} Rg8 {[%clk 00:48:31]} {[%emt 00:00:17]} 20. O-O-O {[%clk 00:41:25]}
{[%emt 00:01:00]} Qf4 {[%clk 00:46:33]} {[%emt 00:02:03]} 21. Qxf4 {[%clk
00:41:12]} {[%emt 00:00:17]} exf4 {[%clk 00:46:30]} {[%emt 00:00:08]} 22. Nfe5
{[%clk 00:40:17]} {[%emt 00:01:00]} Nxe5 {[%clk 00:46:07]} {[%emt 00:00:28]}
23. Nxe5 {[%clk 00:40:15]} {[%emt 00:00:06]} Rg7 {[%clk 00:45:06]} {[%emt
00:01:06]} 24. Rxg7 {[%clk 00:40:03]} {[%emt 00:00:17]} Kxg7 {[%clk 00:45:04]}
{[%emt 00:00:07]} 25. Rg1+ {[%clk 00:40:02]} {[%emt 00:00:06]} Kf6 {[%clk
00:44:51]} {[%emt 00:00:18]} 26. Ng4+ {[%clk 00:39:47]} {[%emt 00:00:19]} Ke6
{[%clk 00:43:52]} {[%emt 00:01:05]} 27. Nxh6 {[%clk 00:39:10]} {[%emt
00:00:42]} Nf6 {[%clk 00:43:07]} {[%emt 00:00:50]} 28. Rf1 {[%clk 00:37:00]}
{[%emt 00:02:15]} Nh5 {[%clk 00:42:24]} {[%emt 00:00:48]} 29. Nf5 {[%clk
00:36:39]} {[%emt 00:00:26]} Rg8 {[%clk 00:42:00]} {[%emt 00:00:29]} 30. Nd4+
{[%clk 00:36:18]} {[%emt 00:00:27]} Ke5 {[%clk 00:40:41]} {[%emt 00:02:35]} 31.
Nf3+ {[%clk 00:37:26]} {[%emt 00:00:52]} Ke6 {[%clk 00:40:31]} {[%emt
00:00:15]} 32. Nd4+ {[%clk 00:36:54]} {[%emt 00:00:38]} Ke5 {[%clk 00:40:18]}
{[%emt 00:00:18]} 33. Nf3+ {[%clk 00:36:48]} {[%emt 00:00:11]} Ke6 {[%clk
00:40:01]} {[%emt 00:00:23]} 1/2-1/2

[Event "Deutscher Mix-Teampokal U12 2025"]
[Site "Bad Homburg GER"]
[Date "2025.07.19"]
[Round "3"]
[White "Xu, Dorothea Sicheng"]
[Black "He, Siqi"]
[Result "1-0"]
[Termination "normal"]
[Board "4.3"]
[WhiteElo "1581"]
[BlackElo "1045"]
[WhiteClock "00:34:27"]
[BlackClock "00:39:44"]
[WhiteTeam "SK Bad Homburg 1927"]
[BlackTeam "SchVgg Blankenese 1923"]
[PlyCount "81"]
[WhiteFideId "34667539"]
[BlackFideId "34682708"]
[EventCountry "GER"]
[EventRounds "5"]
[EventType "team-swiss"]
[EventDate "2025.07.18"]

1. e4 {[%clk 00:55:09]} e5 {[%clk 00:55:06]} {[%emt 00:00:04]} 2. Nf3 {[%clk
00:55:10]} {[%emt 00:00:04]} Nc6 {[%clk 00:55:04]} {[%emt 00:00:06]} 3. Bc4
{[%clk 00:55:05]} {[%emt 00:00:11]} Bc5 {[%clk 00:54:50]} {[%emt 00:00:18]} 4.
O-O {[%clk 00:54:56]} {[%emt 00:00:15]} d6 {[%clk 00:54:47]} {[%emt 00:00:08]}
5. h3 {[%clk 00:53:29]} {[%emt 00:01:32]} Nf6 {[%clk 00:54:34]} {[%emt
00:00:18]} 6. d3 {[%clk 00:52:13]} {[%emt 00:01:21]} h6 {[%clk 00:54:23]}
{[%emt 00:00:16]} 7. Nc3 {[%clk 00:51:01]} {[%emt 00:01:16]} Bd7 {[%clk
00:53:48]} {[%emt 00:00:38]} 8. Be3 {[%clk 00:48:06]} {[%emt 00:03:01]} Bb6
{[%clk 00:53:27]} {[%emt 00:00:23]} 9. d4 {[%clk 00:46:44]} {[%emt 00:01:31]}
exd4 {[%clk 00:53:19]} {[%emt 00:00:12]} 10. Nxd4 {[%clk 00:46:17]} {[%emt
00:00:33]} Ba5 {[%clk 00:52:47]} {[%emt 00:00:35]} 11. Re1 {[%clk 00:42:21]}
{[%emt 00:04:02]} Bxc3 {[%clk 00:51:57]} {[%emt 00:00:55]} 12. bxc3 {[%clk
00:42:19]} {[%emt 00:00:07]} Nxe4 {[%clk 00:51:50]} {[%emt 00:00:11]} 13. Bf4
{[%clk 00:42:04]} {[%emt 00:00:21]} Bf5 {[%clk 00:49:17]} {[%emt 00:02:38]} 14.
Nxf5 {[%clk 00:41:53]} {[%emt 00:00:16]} O-O {[%clk 00:48:32]} {[%emt
00:00:50]} 15. Rxe4 {[%clk 00:41:22]} {[%emt 00:00:36]} Qf6 {[%clk 00:48:13]}
{[%emt 00:00:21]} 16. Nd4 {[%clk 00:39:42]} {[%emt 00:01:48]} Nxd4 {[%clk
00:46:58]} {[%emt 00:01:20]} 17. Qxd4 {[%clk 00:39:41]} {[%emt 00:00:07]} Qxd4
{[%emt 00:00:21]} 18. cxd4 {[%clk 00:39:24]} {[%emt 00:00:20]} Rad8 {[%clk
00:46:32]} {[%emt 00:00:14]} 19. Re7 {[%clk 00:38:50]} {[%emt 00:00:42]} c5
{[%clk 00:45:06]} {[%emt 00:01:31]} 20. dxc5 {[%clk 00:37:55]} {[%emt
00:01:00]} dxc5 {[%clk 00:45:01]} {[%emt 00:00:09]} 21. c3 {[%clk 00:37:31]}
{[%emt 00:00:31]} Rfe8 {[%clk 00:43:41]} {[%emt 00:01:23]} 22. Bxf7+ {[%clk
00:36:57]} {[%emt 00:00:39]} Kf8 {[%clk 00:43:26]} {[%emt 00:00:20]} 23. Rxe8+
{[%clk 00:36:53]} {[%emt 00:00:10]} Rxe8 {[%clk 00:43:11]} {[%emt 00:00:18]}
24. Bxe8 {[%clk 00:36:54]} {[%emt 00:00:05]} Kxe8 {[%clk 00:43:08]} {[%emt
00:00:07]} 25. Rd1 {[%clk 00:36:46]} {[%emt 00:00:11]} b5 {[%clk 00:42:58]}
{[%emt 00:00:16]} 26. Rd5 {[%emt 00:00:16]} g5 {[%clk 00:42:48]} {[%emt
00:00:12]} 27. Bb8 {[%clk 00:36:33]} {[%emt 00:00:11]} a6 {[%clk 00:42:44]}
{[%emt 00:00:09]} 28. Rxc5 {[%clk 00:36:29]} {[%emt 00:00:10]} Kd7 {[%clk
00:42:17]} {[%emt 00:00:23]} 29. Kf1 {[%clk 00:36:23]} {[%emt 00:00:19]} Ke6
{[%clk 00:42:00]} {[%emt 00:00:19]} 30. Rc6+ {[%clk 00:35:53]} {[%emt
00:00:37]} Kd7 {[%clk 00:41:48]} {[%emt 00:00:15]} 31. Rxa6 {[%clk 00:35:43]}
{[%emt 00:00:18]} Kc8 {[%clk 00:41:45]} {[%emt 00:00:08]} 32. Rb6 {[%clk
00:35:43]} {[%emt 00:00:05]} b4 {[%clk 00:41:16]} {[%emt 00:00:33]} 33. cxb4
{[%clk 00:35:37]} {[%emt 00:00:12]} Kd7 {[%clk 00:41:15]} {[%emt 00:00:06]} 34.
a4 {[%clk 00:35:36]} {[%emt 00:00:06]} h5 {[%clk 00:41:12]} {[%emt 00:00:08]}
35. a5 {[%clk 00:35:23]} {[%emt 00:00:18]} g4 {[%clk 00:41:05]} {[%emt
00:00:12]} 36. a6 {[%clk 00:34:56]} {[%emt 00:00:32]} gxh3 {[%clk 00:40:47]}
{[%emt 00:00:22]} 37. a7 {[%clk 00:34:41]} {[%emt 00:00:20]} h2 {[%clk
00:40:43]} {[%emt 00:00:08]} 38. Bxh2 {[%clk 00:34:42]} {[%emt 00:00:04]} Ke7
{[%clk 00:40:24]} {[%emt 00:00:24]} 39. a8=Q {[%clk 00:34:36]} {[%emt
00:00:11]} Kd7 {[%clk 00:40:13]} {[%emt 00:00:15]} 40. Qa7+ {[%clk 00:34:30]}
{[%emt 00:00:12]} Kc8 {[%clk 00:39:44]} {[%emt 00:00:35]} 41. Qc7# {[%clk
00:34:27]} {[%emt 00:00:08]} 1-0

[Event "Deutscher Mix-Teampokal U12 2025"]
[Site "Bad Homburg GER"]
[Date "2025.07.19"]
[Round "3"]
[White "Sengupta, Arjun"]
[Black "Lao, Theodora Siyuan"]
[Result "1-0"]
[Termination "normal"]
[Board "4.4"]
[WhiteElo "1017"]
[BlackElo "1493"]
[WhiteClock "00:38:33"]
[BlackClock "00:02:37"]
[WhiteTeam "SchVgg Blankenese 1923"]
[BlackTeam "SK Bad Homburg 1927"]
[PlyCount "147"]
[WhiteFideId "34699937"]
[BlackFideId "34667547"]
[EventCountry "GER"]
[EventRounds "5"]
[EventType "team-swiss"]
[EventDate "2025.07.18"]

1. e4 {[%clk 00:55:09]} {[%emt 00:28:13]} e5 {[%clk 00:55:08]} {[%emt
00:00:02]} 2. Nf3 {[%clk 00:55:10]} {[%emt 00:00:05]} Nc6 {[%clk 00:55:01]}
{[%emt 00:00:12]} 3. Bc4 {[%clk 00:55:11]} {[%emt 00:00:03]} Nf6 {[%clk
00:54:56]} {[%emt 00:00:10]} 4. d3 {[%clk 00:55:12]} {[%emt 00:00:05]} Bc5
{[%clk 00:54:31]} {[%emt 00:00:29]} 5. Nc3 {[%clk 00:55:11]} {[%emt 00:00:05]}
d6 {[%clk 00:54:07]} {[%emt 00:00:30]} 6. Bg5 {[%clk 00:55:08]} {[%emt
00:00:08]} h6 {[%clk 00:53:51]} {[%emt 00:00:20]} 7. Bxf6 {[%clk 00:55:06]}
{[%emt 00:00:08]} Qxf6 {[%clk 00:53:35]} {[%emt 00:00:21]} 8. Nd5 {[%clk
00:55:08]} {[%emt 00:00:03]} Qd8 {[%clk 00:52:59]} {[%emt 00:00:39]} 9. O-O
{[%clk 00:55:00]} {[%emt 00:00:14]} Bg4 {[%clk 00:52:49]} {[%emt 00:00:14]} 10.
h3 {[%clk 00:54:55]} {[%emt 00:00:11]} Bh5 {[%clk 00:52:40]} {[%emt 00:00:14]}
11. c3 {[%clk 00:54:42]} {[%emt 00:00:18]} O-O {[%clk 00:51:52]} {[%emt
00:00:53]} 12. b4 {[%clk 00:54:40]} {[%emt 00:00:08]} Bb6 {[%clk 00:51:37]}
{[%emt 00:00:19]} 13. a4 {[%clk 00:54:19]} {[%emt 00:00:26]} a5 {[%clk
00:51:04]} {[%emt 00:00:38]} 14. Nxb6 {[%clk 00:54:10]} {[%emt 00:00:15]} cxb6
{[%clk 00:50:42]} {[%emt 00:00:28]} 15. b5 {[%clk 00:53:56]} {[%emt 00:00:18]}
Ne7 {[%clk 00:50:08]} {[%emt 00:00:38]} 16. Bb3 {[%clk 00:53:37]} {[%emt
00:00:25]} d5 {[%clk 00:48:12]} {[%emt 00:02:01]} 17. exd5 {[%clk 00:53:32]}
{[%emt 00:00:10]} Nxd5 {[%clk 00:48:08]} {[%emt 00:00:09]} 18. c4 {[%clk
00:52:24]} {[%emt 00:01:13]} Nf6 {[%clk 00:47:15]} {[%emt 00:00:58]} 19. Re1
{[%clk 00:52:14]} {[%emt 00:00:15]} Re8 {[%clk 00:46:07]} {[%emt 00:01:13]} 20.
g4 {[%clk 00:51:53]} {[%emt 00:00:26]} Bg6 {[%clk 00:45:23]} {[%emt 00:00:48]}
21. Rxe5 {[%clk 00:51:34]} {[%emt 00:00:24]} Bxd3 {[%clk 00:44:44]} {[%emt
00:00:44]} 22. Rxe8+ {[%clk 00:51:21]} {[%emt 00:00:19]} Nxe8 {[%clk 00:44:33]}
{[%emt 00:00:16]} 23. Ne5 {[%clk 00:49:58]} {[%emt 00:01:28]} Be4 {[%clk
00:43:23]} {[%emt 00:01:14]} 24. Qxd8 {[%clk 00:49:23]} {[%emt 00:00:42]} Rxd8
{[%clk 00:42:29]} {[%emt 00:00:58]} 25. f3 {[%clk 00:49:02]} {[%emt 00:00:27]}
Bd3 {[%clk 00:41:44]} {[%emt 00:00:49]} 26. Rd1 {[%clk 00:48:43]} {[%emt
00:00:25]} Rd6 {[%clk 00:34:22]} {[%emt 00:07:25]} 27. Rxd3 {[%clk 00:47:09]}
{[%emt 00:01:41]} Rxd3 {[%clk 00:34:12]} {[%emt 00:00:15]} 28. Nxd3 {[%clk
00:47:00]} {[%emt 00:00:14]} g5 {[%clk 00:33:25]} {[%emt 00:00:52]} 29. c5
{[%clk 00:46:48]} {[%emt 00:00:18]} bxc5 {[%clk 00:32:38]} {[%emt 00:00:51]}
30. Nxc5 {[%clk 00:46:33]} {[%emt 00:00:21]} b6 {[%clk 00:32:35]} {[%emt
00:00:08]} 31. Nd7 {[%clk 00:46:29]} {[%emt 00:00:09]} Kg7 {[%clk 00:31:09]}
{[%emt 00:01:29]} 32. Nxb6 {[%clk 00:46:31]} {[%emt 00:00:05]} Nd6 {[%clk
00:30:16]} {[%emt 00:00:57]} 33. Nd7 {[%clk 00:46:10]} {[%emt 00:00:25]} Kg6
{[%clk 00:30:02]} {[%emt 00:00:18]} 34. b6 {[%clk 00:46:07]} {[%emt 00:00:12]}
h5 {[%clk 00:29:15]} {[%emt 00:00:50]} 35. Bd5 {[%clk 00:45:55]} {[%emt
00:00:17]} hxg4 {[%clk 00:28:31]} {[%emt 00:00:50]} 36. hxg4 {[%clk 00:45:26]}
{[%emt 00:00:33]} f5 {[%clk 00:28:19]} {[%emt 00:00:16]} 37. b7 {[%clk
00:45:15]} {[%emt 00:00:17]} Nxb7 {[%clk 00:27:50]} {[%emt 00:00:32]} 38. Bxb7
{[%clk 00:45:14]} {[%emt 00:00:07]} fxg4 {[%clk 00:27:38]} {[%emt 00:00:17]}
39. Ne5+ {[%clk 00:44:44]} {[%emt 00:00:35]} Kf5 {[%clk 00:27:18]} {[%emt
00:00:23]} 40. Nc6 {[%clk 00:44:40]} {[%emt 00:00:10]} gxf3 {[%clk 00:27:10]}
{[%emt 00:00:14]} 41. Nxa5 {[%clk 00:44:39]} {[%emt 00:00:06]} g4 {[%clk
00:26:59]} {[%emt 00:00:16]} 42. Bxf3 {[%clk 00:44:32]} {[%emt 00:00:13]} gxf3
{[%clk 00:26:52]} {[%emt 00:00:11]} 43. Nb7 {[%clk 00:44:28]} {[%emt 00:00:09]}
Ke6 {[%clk 00:26:38]} {[%emt 00:00:18]} 44. a5 {[%clk 00:43:40]} {[%emt
00:00:55]} Kd7 {[%clk 00:26:25]} {[%emt 00:00:17]} 45. Nc5+ {[%clk 00:43:12]}
{[%emt 00:00:33]} Kc7 {[%clk 00:24:54]} {[%emt 00:01:36]} 46. Nb3 {[%clk
00:43:05]} {[%emt 00:00:13]} Kb7 {[%clk 00:24:10]} {[%emt 00:00:48]} 47. Kf2
{[%clk 00:42:57]} {[%emt 00:00:14]} Ka6 {[%clk 00:22:59]} {[%emt 00:01:15]} 48.
Kxf3 {[%clk 00:42:55]} {[%emt 00:00:08]} Kb7 {[%clk 00:22:44]} {[%emt
00:00:20]} 49. Ke4 {[%clk 00:42:48]} {[%emt 00:00:12]} Kc6 {[%clk 00:22:03]}
{[%emt 00:00:45]} 50. Kd4 {[%clk 00:42:42]} {[%emt 00:00:13]} Kd6 {[%clk
00:21:08]} {[%emt 00:00:54]} 51. a6 {[%clk 00:42:37]} {[%emt 00:00:16]} Kc6
{[%clk 00:21:03]} {[%emt 00:00:08]} 52. Kc4 {[%clk 00:42:34]} {[%emt 00:00:10]}
Kb6 {[%clk 00:20:53]} {[%emt 00:00:14]} 53. Nc5 {[%clk 00:42:22]} {[%emt
00:00:17]} Ka7 {[%clk 00:20:34]} {[%emt 00:00:23]} 54. Kb5 {[%clk 00:42:16]}
{[%emt 00:00:12]} Ka8 {[%clk 00:19:59]} {[%emt 00:00:37]} 55. Nb7 {[%clk
00:41:52]} {[%emt 00:00:31]} Ka7 {[%clk 00:19:32]} {[%emt 00:00:29]} 56. Nd8
{[%emt 00:00:34]} Ka8 {[%clk 00:18:59]} {[%emt 00:00:30]} 57. Ne6 {[%clk
00:41:24]} {[%emt 00:00:15]} Kb8 {[%clk 00:13:38]} {[%emt 00:05:24]} 58. Kb6
{[%clk 00:41:04]} {[%emt 00:00:27]} Ka8 {[%clk 00:13:28]} {[%emt 00:00:12]} 59.
Nc7+ {[%emt 00:00:22]} Kb8 {[%clk 00:12:08]} {[%emt 00:01:23]} 60. a7+ {[%clk
00:40:46]} {[%emt 00:00:11]} Kc8 {[%clk 00:10:27]} {[%emt 00:01:45]} 61. Ne8
{[%clk 00:39:50]} {[%emt 00:01:01]} Kd7 {[%clk 00:08:22]} {[%emt 00:02:05]} 62.
Kb7 {[%clk 00:39:49]} {[%emt 00:00:10]} Kxe8 {[%clk 00:07:55]} {[%emt
00:00:34]} 63. a8=Q+ {[%clk 00:39:40]} {[%emt 00:00:14]} Ke7 {[%clk 00:07:41]}
{[%emt 00:00:18]} 64. Qa6 {[%clk 00:39:40]} {[%emt 00:00:06]} Kd7 {[%clk
00:07:32]} {[%emt 00:00:13]} 65. Qc6 {[%clk 00:39:32]} {[%emt 00:00:14]} Ke7
{[%clk 00:07:24]} {[%emt 00:00:08]} 66. Kb6 {[%clk 00:39:29]} {[%emt 00:00:12]}
Kf7 {[%clk 00:06:32]} {[%emt 00:00:56]} 67. Qd6 {[%clk 00:39:22]} {[%emt
00:00:13]} Kg7 {[%clk 00:06:04]} {[%emt 00:00:34]} 68. Qe6 {[%clk 00:39:14]}
{[%emt 00:00:13]} Kh7 {[%clk 00:04:41]} {[%emt 00:01:28]} 69. Qg4 {[%clk
00:39:06]} {[%emt 00:00:12]} Kh6 {[%clk 00:04:32]} {[%emt 00:00:13]} 70. Kc6
{[%clk 00:39:04]} {[%emt 00:00:08]} Kh7 {[%clk 00:04:30]} {[%emt 00:00:07]} 71.
Kd6 {[%clk 00:39:00]} {[%emt 00:00:10]} Kh6 {[%clk 00:04:12]} {[%emt 00:00:23]}
72. Ke6 {[%clk 00:38:43]} {[%emt 00:00:22]} Kh7 {[%clk 00:03:34]} {[%emt
00:00:42]} 73. Kf6 {[%clk 00:38:39]} {[%emt 00:00:08]} Kh8 {[%clk 00:02:37]}
{[%emt 00:01:01]} 74. Qg7# {[%clk 00:38:33]} {[%emt 00:00:09]} 1-0